000 00707nam a2200229Ia 4500
003 0100
005 20150130020004.0
008 130303s9999 xx 000 0 und d
020 _a9966831312
040 _cARRUPELIB
050 _aHC800.S983 1996
100 _aSymposium on Economic Cooperation and Regional Intergration in Africa
_98100
245 _aEconomic cooperation and regional integration in Africa
245 _bfirst experiences and prospects
260 _aNairobi
260 _bAcademy Science Publishers
300 _aix
300 _b 274 p. 26 cm
650 _aAfrica--Economic policy--Congresses
_98101
700 _aBourenane, Naceur (ed.)
_98102
942 0 0 _02
_2lcc
_cMONOGRAPH
999 _c7371
_d7371